| 000 | 00450nam a22001817a 4500 | ||
|---|---|---|---|
| 005 | 20180720151232.0 | ||
| 008 | 160517b xxu||||| |||| 00| 0 eng d | ||
| 020 | _a81-203-1466-2 | ||
| 041 | _aeng | ||
| 082 |
_b2459 _a658.3 |
||
| 100 |
_aGreenberg, Jerald and Baron, Robert A. _94601 |
||
| 245 | _aBehavior in Organizations | ||
| 250 | _a5TH ED. | ||
| 260 |
_aNew Delhi _bPHI, _c2000 |
||
| 300 | _a690p, | ||
| 650 |
_aManagement _9241 |
||
| 942 | _cBK | ||
| 999 |
_c887 _d887 |
||